Докембрийская тектонно-магматическая активизация: геология и металлогения

Podrobná bibliografie
Hlavní autor: Григорьева Л. В. Людмила Васильевна
Jazyk:ruština
Vydáno: Ленинград, Недра, 1986
Témata:
Médium: MixedMaterials Kniha
KOHA link:https://koha.lib.tpu.ru/cgi-bin/koha/opac-detail.pl?biblionumber=177870

MARC

LEADER 00000nam0a2200000 4500
001 177870
005 20231031165730.0
035 |a (RuTPU)RU\TPU\book\192845 
090 |a 177870 
100 |a 20100327d1986 m y0rusy50 ca 
101 0 |a rus 
102 |a RU 
105 |a a z 001zy 
200 1 |a Докембрийская тектонно-магматическая активизация  |e геология и металлогения  |f Л. В. Григорьева 
210 |a Ленинград  |c Недра  |d 1986 
215 |a 224 с.  |c ил. 
320 |a Библиогр.: с. 220-223. 
610 1 |a докембрийские отложения 
610 1 |a металлогения 
610 1 |a геология 
610 1 |a земная кора 
610 1 |a развитие 
610 1 |a рудные месторождения 
610 1 |a образование 
675 |a 551.71/72  |v 3 
675 |a 553.078  |v 3 
700 1 |a Григорьева  |b Л. В.  |g Людмила Васильевна 
801 1 |a RU  |b 63413507  |c 20100327 
801 2 |a RU  |b 63413507  |c 20141215  |g RCR 
942 |c BK